| 000 -LEADER |
| fixed length control field |
00719nam a2200205Ia 4500 |
| 001 - CONTROL NUMBER |
| control field |
6051 |
| 003 - CONTROL NUMBER IDENTIFIER |
| control field |
GE_BSU |
| 008 - FIXED-LENGTH DATA ELEMENTS--GENERAL INFORMATION |
| fixed length control field |
181216s||||||||xx |||||||||||||| ||und|| |
| 040 ## - CATALOGING SOURCE |
| Transcribing agency |
GE_BSU |
| 080 ## - UNIVERSAL DECIMAL CLASSIFICATION NUMBER |
| Universal Decimal Classification number |
821.353.1-394+398.2(479.22) |
| 245 ## - TITLE STATEMENT |
| Title |
ამირანი=АМИРАНИ=AMIRANI: ქართული მითოლოგიური ეპოსი. |
| 245 ## - TITLE STATEMENT |
| Statement of responsibility, etc. |
რედ. შ. ძიძიგური |
| 260 ## - PUBLICATION, DISTRIBUTION, ETC. |
| Place of publication, distribution, etc. |
თბილისი |
| 260 ## - PUBLICATION, DISTRIBUTION, ETC. |
| Name of publisher, distributor, etc. |
საბჭოთა საქართველო |
| 260 ## - PUBLICATION, DISTRIBUTION, ETC. |
| Date of publication, distribution, etc. |
1975 |
| 300 ## - PHYSICAL DESCRIPTION |
| Extent |
72გვ.35სმ.ილ. |
| 653 ## - INDEX TERM--UNCONTROLLED |
| Uncontrolled term |
ამირანი |
| 653 ## - INDEX TERM--UNCONTROLLED |
| Uncontrolled term |
ქართული მითოლოგიური ეპოსი. |
| 942 ## - ADDED ENTRY ELEMENTS (KOHA) |
| Koha item type |
წიგნი |